ბათუმის შოთა რუსთაველის სახელმწიფო უნივერსიტეტის ბიბლიოთეკა

Горная механика и машиностроение № 3. 2016 (ბიბ.ჩანაწერი № 52246)

000 -LEADER
fixed length control field 00613nam a2200193Ia 4500
001 - CONTROL NUMBER
control field 19255
003 - CONTROL NUMBER IDENTIFIER
control field GE_BSU
008 - FIXED-LENGTH DATA ELEMENTS--GENERAL INFORMATION
fixed length control field 181216s||||||||xx |||||||||||||| ||und||
040 ## - CATALOGING SOURCE
Transcribing agency GE_BSU
245 ## - TITLE STATEMENT
Title Горная механика и машиностроение № 3. 2016
245 ## - TITLE STATEMENT
Remainder of title Научно-технический журнал
245 ## - TITLE STATEMENT
Statement of responsibility, etc. Гл. ред. В.Я. Щерба
260 ## - PUBLICATION, DISTRIBUTION, ETC.
Place of publication, distribution, etc. Силигорск
260 ## - PUBLICATION, DISTRIBUTION, ETC.
Date of publication, distribution, etc. 2016
300 ## - PHYSICAL DESCRIPTION
Extent 101 стр. 29см. илл.
653 ## - INDEX TERM--UNCONTROLLED
Uncontrolled term Горная механика и машиностроение
653 ## - INDEX TERM--UNCONTROLLED
Uncontrolled term პერიოდიკა
942 ## - ADDED ENTRY ELEMENTS (KOHA)
Koha item type პერიოდიკა
ეგზემპლარები
Withdrawn status Lost status Damaged status Not for loan Date acquired Barcode Date last seen Price effective from Koha item type
        2018-12-17 р 78048 2018-12-17 2018-12-17 პერიოდიკა